Jak zvýšit výkonnost organizací (prostřednictvím vybraných měření)
Salvato in:
| Autore principale: | |
|---|---|
| Natura: | Libro |
| Lingua: | ceco |
| Pubblicazione: |
Ostrava
Dům techniky
2005
|
| Soggetti: | |
| Tags: |
Nessun Tag, puoi essere il primo ad aggiungerne!!
|
MARC
| LEADER | 00000nam$a2200000$$$4500 | ||
|---|---|---|---|
| 001 | 0074238 | ||
| 005 | 20231215114924.5 | ||
| 020 | |a 80-02-01709-9 | ||
| 041 | 0 | |a cze | |
| 044 | |a CZ | ||
| 245 | 1 | 0 | |a Jak zvýšit výkonnost organizací |b (prostřednictvím vybraných měření) |c Jaroslav Nenadál ... [et al.] |
| 264 | 1 | |a Ostrava |b Dům techniky |c 2005 | |
| 300 | |a 204 s. | ||
| 610 | 2 | 0 | |a firmy |
| 610 | 2 | 0 | |a výkonnosť |
| 610 | 2 | 0 | |a výkony podnikové |
| 610 | 2 | 0 | |a normy ISO |
| 610 | 2 | 0 | |a riadenie kvality |
| 610 | 2 | 0 | |a meranie |
| 610 | 2 | 0 | |a výdavky |
| 610 | 2 | 0 | |a metodika |
| 610 | 2 | 0 | |a tímy pracovné |
| 610 | 2 | 0 | |a zákazníci |
| 610 | 2 | 0 | |a zamestnanci |
| 610 | 2 | 0 | |a zber dát |
| 610 | 2 | 0 | |a spôsobilosť k práci |
| 610 | 2 | 0 | |a certifikácia |
| 610 | 2 | 0 | |a vzdelávanie |
| 100 | 1 | |a Nenadál, Jaroslav | |